| 000 | 00900nam a22001817a 4500 | ||
|---|---|---|---|
| 005 | 20240313115949.0 | ||
| 010 | _aHIN-127068 | ||
| 020 |
_a9789392655412 _c200.00 |
||
| 035 | _aHN-99414 | ||
| 037 | _bDBAD/PUB | ||
| 082 | _a181.41 | ||
| 245 |
_aअभिनव शंकर भाग -2/ _cत्रयम्बकेश्वर ब्रहमचारी द्वारा संकलित;गुण प्रकाश चैतन्य द्वारा सम्पादित |
||
| 260 |
_aबीकानेर _bकलासन प्रकाशन |
||
| 270 |
_aकल्याणी भवन मॉडर्न मार्किट _bबीकानेर |
||
| 300 |
_a368पृष्ठ; _c23 सेमी(सजिल्द) |
||
| 710 |
_963193 _aचैतन्य,गुण प्रकाश |
||
| 942 |
_2ddc _cHN _h181.41 _mत्रयम्ब |
||
| 999 |
_c201448 _d201448 |
||